[Event "Brackel 2- Bünde"]
[Site "?"]
[Date "2023.04.16"]
[Round "7.7"]
[White "Altenbernd, Jannis"]
[Black "Schaede, Maximilian"]
[Result "1-0"]
[WhiteElo "1989"]
[BlackElo "1635"]
[PlyCount "115"]
[SourceVersionDate "2023.06.22"]

1. d4 d5 2. c4 e6 3. Nc3 Nf6 4. cxd5 exd5 5. Bg5 Be7 6. e3 O-O 7. Bd3 c6 8. Qc2
Nbd7 9. Nge2 Re8 10. f3 Nf8 11. Bh4 b6 12. O-O c5 13. Rad1 Bb7 14. Bb5 N6d7 15.
Bf2 Rc8 16. dxc5 Bxc5 17. Qd2 a6 18. Bxd7 Qxd7 19. e4 Qe7 20. Nxd5 Bxd5 21.
Qxd5 Bxf2+ 22. Rxf2 Rc2 23. Nd4 Rc5 24. Qb3 Qc7 25. Rc2 Rd8 26. Rcd2 Rc1 27.
Qe3 Rxd1+ 28. Rxd1 Qc5 29. Rd3 Ne6 30. Nxe6 Rxd3 31. Nxc5 Rxe3 32. Kf2 Rxf3+
33. gxf3 bxc5 34. Ke3 Kf8 35. e5 Ke7 36. Kd3 Ke6 37. Kc4 Kxe5 38. Kxc5 Kf4 39.
b4 Kxf3 40. a4 Ke2 41. b5 axb5 42. axb5 f5 43. b6 f4 44. b7 f3 45. b8=Q f2 46.
Qe5+ Kf3 47. Qd5+ Ke2 48. Qe4+ Kd2 49. Qf3 Ke1 50. Qe3+ Kf1 51. Kd4 g5 52. Qxg5
h6 53. Qxh6 Kg2 54. Qc1 Kxh2 55. Qf1 Kg3 56. Ke3 Kh2 57. Qxf2+ Kh3 58. Qg1 1-0

[Event "Brackel 2- Bünde"]
[Site "?"]
[Date "2023.04.16"]
[Round "7.8"]
[White "Tomasjan, Samuel"]
[Black "Hagemeier, Ulrich"]
[Result "0-1"]
[WhiteElo "1887"]
[BlackElo "1974"]
[PlyCount "58"]
[SourceVersionDate "2023.06.22"]

1. e4 c6 2. d4 d5 3. exd5 cxd5 4. c4 Nf6 5. Nc3 g6 6. Nf3 Bg7 7. Qb3 O-O 8. Be3
e6 9. a3 Nc6 10. Qc2 b6 11. b4 dxc4 12. Bxc4 Bb7 13. Ba2 Rc8 14. Qd2 Ne7 15.
Rc1 Nfd5 16. O-O Nxe3 17. fxe3 Nf5 18. Nd1 Rxc1 19. Qxc1 Qd7 20. Qd2 Rc8 21. g4
Nd6 22. Ng5 Ne4 23. Nxe4 Bxe4 24. Nc3 Bb7 25. Bb1 e5 26. Ne2 Qxg4+ 27. Ng3 exd4
28. Ba2 Rc7 29. Rf4 Qc8 0-1

[Event "Lippstadt- Bochum"]
[Site "?"]
[Date "2023.04.16"]
[Round "7.2"]
[White "Wagner, Alexej"]
[Black "Illner, Achim"]
[Result "1/2-1/2"]
[WhiteElo "2259"]
[BlackElo "2446"]
[PlyCount "108"]
[SourceVersionDate "2023.06.22"]

1. d4 d5 2. c4 e6 3. Nc3 Be7 4. cxd5 exd5 5. Bf4 Nf6 6. Qc2 c5 7. e3 cxd4 8.
exd4 O-O 9. Nf3 Nc6 10. Be2 Ne4 11. O-O Bf5 12. Qd1 Nxc3 13. bxc3 Rc8 14. Bd3
Bxd3 15. Qxd3 Bf6 16. Rab1 Na5 17. Rfe1 b6 18. Be5 Be7 19. Nd2 Re8 20. Re3 Qd7
21. h4 Bf8 22. Rbe1 f6 23. Bg3 g6 24. Rxe8 Rxe8 25. Rxe8 Qxe8 26. Qf3 Qe6 27.
h5 Kf7 28. hxg6+ hxg6 29. Kf1 Nc6 30. Qe2 Bh6 31. Qxe6+ Kxe6 32. Nf3 Na5 33.
Ke2 Nc4 34. Kd3 b5 35. Ne1 Bd2 36. Nc2 a5 37. Bc7 Bc1 38. Na1 a4 39. Nc2 Kd7
40. Bg3 Ba3 41. Ne3 Ke6 42. Bc7 Bc1 43. Nxc4 dxc4+ 44. Ke2 Ba3 45. Ba5 Kd5 46.
Kd2 f5 47. f3 g5 48. Ke2 g4 49. Kd2 Bd6 50. Ke3 gxf3 51. gxf3 Kc6 52. Ke2 Kb7
53. Ke3 Ka6 54. Bd8 Bf8 1/2-1/2

[Event "Lippstadt- Bochum"]
[Site "?"]
[Date "2023.04.16"]
[Round "7.3"]
[White "Heinbuch, Detlef"]
[Black "Tran, Duc Cuong"]
[Result "1/2-1/2"]
[WhiteElo "2255"]
[BlackElo "2080"]
[PlyCount "105"]
[SourceVersionDate "2023.06.22"]

1. c4 e5 2. g3 Nc6 3. Bg2 f5 4. Nc3 Nf6 5. e3 d6 6. Nge2 Be7 7. Rb1 O-O 8. d3
Qe8 9. Nd5 Bd8 10. O-O Ne7 11. Nxf6+ Rxf6 12. f4 c6 13. b4 Ng6 14. d4 e4 15.
Nc3 Be6 16. d5 cxd5 17. cxd5 Bd7 18. Rf2 Rc8 19. Bb2 Rf7 20. Bf1 Bb6 21. Qe1 a6
22. Rc1 Nf8 23. Rfc2 Ba4 24. Rd2 Rfc7 25. Kf2 Qh5 26. Bg2 Bd7 27. Qe2 Qxe2+ 28.
Nxe2 Rxc1 29. Nxc1 Ba4 30. Bf1 Kf7 31. Ne2 g6 32. Nc3 Be8 33. Be2 Nd7 34. Na4
Ba7 35. Bd1 Nf6 36. h3 Bb5 37. Bb3 Bd3 38. Bxf6 Kxf6 39. Nb2 Bb5 40. Rc2 Rxc2+
41. Bxc2 Ke7 42. a4 Be8 43. g4 b5 44. g5 Bb6 45. axb5 Bxb5 46. Ba4 Bxa4 47.
Nxa4 Bd8 48. Nb2 a5 49. b5 Bb6 50. Ke2 Bc5 51. Na4 Bb4 52. Kd1 Kd8 53. Kc2
1/2-1/2

[Event "Lippstadt- Bochum"]
[Site "?"]
[Date "2023.04.16"]
[Round "7.4"]
[White "Fecke, Andreas"]
[Black "Zozulia, Anna"]
[Result "1/2-1/2"]
[WhiteElo "2121"]
[BlackElo "2238"]
[PlyCount "101"]
[SourceVersionDate "2023.06.22"]

1. e4 c5 2. Nf3 e6 3. b4 cxb4 4. d4 Nf6 5. Bd3 d6 6. O-O Be7 7. Nbd2 Nc6 8. Bb2
d5 9. e5 Nh5 10. Re1 a5 11. Bc1 Nf4 12. Bf1 a4 13. g3 Ng6 14. h4 Qb6 15. Nb1 h6
16. Be3 Na5 17. Nfd2 Qc7 18. h5 Nf8 19. Bd3 Nd7 20. a3 Nc6 21. Qg4 Bf8 22. Bb5
Qa5 23. Qe2 Qb6 24. axb4 Bxb4 25. c3 Be7 26. Rxa4 Rxa4 27. Bxa4 Qb2 28. Qd3 Nb6
29. Bc2 Na5 30. Nf1 Bd7 31. Bc1 Qb5 32. Qf3 Nbc4 33. Qg4 Bf8 34. Nbd2 Nxd2 35.
Bxd2 Nc4 36. Ra1 Kd8 37. Bc1 Kc7 38. Qf3 Be8 39. Ba4 Qa5 40. Bxe8 Qxa1 41.
Qxf7+ Kb8 42. Bf4 Qxc3 43. Qxe6 Qxd4 44. Qd7 Bc5 45. e6+ Ka8 46. Ne3 Qa1+ 47.
Kh2 Bxe3 48. fxe3 Ne5 49. Bxe5 Qxe5 50. Qd8+ Ka7 51. Qa5+ 1/2-1/2

[Event "Lippstadt- Bochum"]
[Site "?"]
[Date "2023.04.16"]
[Round "7.5"]
[White "Zatonskih, Vitaly"]
[Black "Kuehler, Andreas"]
[Result "*"]
[WhiteElo "2249"]
[BlackElo "2000"]
[PlyCount "89"]
[SourceVersionDate "2023.06.22"]

1. e4 e5 2. d4 exd4 3. Qxd4 Nc6 4. Qe3 Nf6 5. Nc3 Bb4 6. Bd2 O-O 7. O-O-O Re8
8. Qg3 Nxe4 9. Nxe4 Rxe4 10. c3 Bf8 11. Bd3 Re8 12. Nf3 d5 13. Rhe1 Bd6 14. Qh4
f5 15. Ng5 h6 16. Qh5 Ne5 17. Rxe5 Bxe5 18. Nf7 Qe7 19. Nxe5 Qxe5 20. Re1 Qxe1+
21. Bxe1 Rxe1+ 22. Kd2 Re7 23. Bxf5 Bxf5 24. Qxf5 c6 25. f3 Rae8 26. Qd3 Re1
27. a4 a5 28. h4 Rh1 29. Qg6 Kf8 30. Qf5+ Kg8 31. Qd7 Kf8 32. Qxb7 Re6 33. Qa8+
Kf7 34. Qxa5 Rxh4 35. Qc7+ Kf6 36. a5 Ra4 37. Kd3 h5 38. Qb8 Ra2 39. Qf4+ Kg6
40. g4 hxg4 41. Qxg4+ Kf6 42. Qf4+ Kg6 43. Qg4+ Kf6 44. Qf4+ Kg6 45. Qg4+ *

[Event "Lippstadt- Bochum"]
[Site "?"]
[Date "2023.04.16"]
[Round "7.6"]
[White "Schulte, Tobias"]
[Black "Kiese, Matthias"]
[Result "1/2-1/2"]
[WhiteElo "1784"]
[BlackElo "2161"]
[PlyCount "68"]
[SourceVersionDate "2023.06.22"]

1. b3 Nf6 2. Bb2 g6 3. Bxf6 exf6 4. c4 d5 5. cxd5 Qxd5 6. Nc3 Qd8 7. g3 Bg7 8.
Bg2 O-O 9. d4 c6 10. e3 Re8 11. Nge2 f5 12. O-O Be6 13. Qc2 Na6 14. a3 Nc7 15.
Nf4 a5 16. Rfd1 Qe7 17. Na4 Red8 18. Nc5 Nd5 19. Nxd5 Bxd5 20. Bxd5 Rxd5 21. b4
axb4 22. axb4 Rdd8 23. Qc4 b6 24. Nd3 Qb7 25. b5 Rxa1 26. Rxa1 c5 27. Ne5 Bxe5
28. dxe5 Qd5 29. Qxd5 Rxd5 30. Ra6 Rxe5 31. Rxb6 c4 32. Rc6 Rxb5 33. Rxc4 h5
34. h4 Kg7 1/2-1/2

[Event "Kamen- Mülheim Nord 3"]
[Site "?"]
[Date "2023.04.16"]
[Round "7.1"]
[White "Walter, Andreas"]
[Black "Luetke, Jens"]
[Result "1/2-1/2"]
[WhiteElo "2147"]
[BlackElo "2191"]
[Annotator "daniel"]
[PlyCount "62"]
[SourceVersionDate "2023.06.22"]

1. d4 Nf6 2. c4 e6 3. Nc3 Bb4 4. Qc2 O-O 5. a3 Bxc3+ 6. Qxc3 d5 7. Bg5 c5 8.
dxc5 d4 9. Qg3 Nbd7 10. Nf3 Nxc5 11. Qe5 Nb3 12. Rd1 Nd7 13. Qb5 Qa5+ 14. Qxa5
Nxa5 15. Rxd4 e5 16. Rd1 Nxc4 17. Bc1 f6 18. e4 Ndb6 19. Nd2 Be6 20. Nxc4 Nxc4
21. Bxc4 $11 Bxc4 22. f3 Rac8 23. Be3 Bb5 24. Kf2 Rc2+ 25. Rd2 Rxd2+ 26. Bxd2
Rd8 27. Be3 Rd3 28. Rc1 a6 29. Rc2 Kf7 30. Rc7+ Rd7 31. Rxd7+ Bxd7 1/2-1/2

[Event "Kamen- Mülheim Nord 3"]
[Site "?"]
[Date "2023.04.16"]
[Round "7.2"]
[White "Himmel, Hansjoerg"]
[Black "Oltmanns, Jan"]
[Result "1-0"]
[WhiteElo "2253"]
[BlackElo "2169"]
[PlyCount "93"]
[SourceVersionDate "2023.06.22"]

1. e4 Nf6 2. e5 Nd5 3. d4 d6 4. Nf3 dxe5 5. Nxe5 c6 6. c4 Nb4 7. Be3 Bf5 8. Bd3
Nxd3+ 9. Nxd3 g6 10. Nc3 Bg7 11. Nc5 Nd7 12. Nb3 Nf6 13. h3 O-O 14. O-O a5 15.
Rc1 a4 16. Nc5 a3 17. b3 b6 18. N5a4 Ne4 19. Nxe4 Bxe4 20. Qd2 Re8 21. Rfd1 Qb8
22. Qb4 Ra6 23. Rd2 Bf5 24. d5 b5 25. Nc5 Rb6 26. Qxa3 bxc4 27. Rxc4 cxd5 28.
Rxd5 Rd8 29. Rxd8+ Qxd8 30. Rc1 Rd6 31. Kh2 Rc6 32. b4 Be5+ 33. Kg1 Rd6 34. Qb3
Qb8 35. a4 Kg7 36. b5 g5 37. Re1 Rg6 38. Qd5 e6 39. Qc6 Bh2+ 40. Kh1 g4 41. Nd7
Qd8 42. Kxh2 e5 43. Qc5 Bxd7 44. Qxe5+ f6 45. Qd5 gxh3 46. g3 h5 47. Rd1 1-0

[Event "Kamen- Mülheim Nord 3"]
[Site "?"]
[Date "2023.04.16"]
[Round "7.3"]
[White "Limbourg, Philipp"]
[Black "Weidemann, Christian"]
[Result "1-0"]
[WhiteElo "2211"]
[BlackElo "2235"]
[PlyCount "89"]
[SourceVersionDate "2023.06.22"]

1. e4 c5 2. Nc3 e6 3. f4 d5 4. Nf3 Nc6 5. Bb5 Nge7 6. Ne5 Bd7 7. Nxd7 Qxd7 8.
O-O a6 9. Bxc6 Nxc6 10. f5 O-O-O 11. fxe6 fxe6 12. d3 d4 13. Na4 Kb8 14. Bg5
Re8 15. Nb6 Qc7 16. Bf4 Bd6 17. Bxd6 Qxd6 18. Nc4 Qe7 19. Qg4 Ref8 20. a4 Ka7
21. Qg3 g5 22. Ne5 Nb4 23. Rfc1 Qc7 24. c3 dxc3 25. bxc3 Nc6 26. Nxc6+ Qxc6 27.
Qxg5 Rhg8 28. Qe3 Rg4 29. Rf1 Rfg8 30. Ra2 Ka8 31. Raf2 Qd6 32. Kh1 Rh4 33. h3
Rh5 34. d4 Qc6 35. Rf8+ Rxf8 36. Rxf8+ Ka7 37. a5 Qd6 38. Rc8 cxd4 39. cxd4
Rxa5 40. d5+ b6 41. Qc3 Kb7 42. Rc6 Qf8 43. Rc7+ Kb8 44. Qe5 Ra1+ 45. Rc1+ 1-0

[Event "Kamen- Mülheim Nord 3"]
[Site "?"]
[Date "2023.04.16"]
[Round "7.4"]
[White "Georg, Heinz"]
[Black "Kuipers, Dustin"]
[Result "1-0"]
[WhiteElo "2147"]
[BlackElo "2136"]
[PlyCount "111"]
[SourceVersionDate "2023.06.22"]

1. e4 c6 2. d4 d5 3. exd5 cxd5 4. c4 Nf6 5. Nc3 Nc6 6. Bg5 Be6 7. a3 h6 8. Bxf6
exf6 9. c5 g5 10. Bb5 Bg7 11. Nge2 f5 12. f4 O-O 13. O-O Qf6 14. Bxc6 bxc6 15.
b4 Rfb8 16. Qd3 Bd7 17. Rab1 Rb7 18. a4 a6 19. g3 Rab8 20. b5 axb5 21. axb5
cxb5 22. Nxd5 Qe6 23. Nb4 Re8 24. Rfe1 Qf6 25. d5 Rxe2 26. Rxe2 Qd4+ 27. Qxd4
Bxd4+ 28. Kg2 Bxc5 29. Nc6 Bd6 30. Kf3 Rb6 31. Rc2 f6 32. Rb3 Ra6 33. Rxb5 gxf4
34. gxf4 Ra4 35. Rb7 Rxf4+ 36. Ke3 Re4+ 37. Kd3 Be8 38. Rg2+ Rg4 39. Re2 Bf7
40. Ne7+ Kf8 41. Rd7 Be8 42. Rxd6 Bb5+ 43. Kd2 Bxe2 44. Nxf5 Rg2 45. Rxf6+ Kg8
46. h4 Bg4+ 47. Ke3 Bxf5 48. Rxf5 Rg4 49. d6 Rg6 50. Rd5 Re6+ 51. Kf4 Re8 52.
d7 Rd8 53. Ke5 Kf7 54. Kd6 Ra8 55. Rf5+ Kg6 56. Rc5 1-0

[Event "Kamen- Mülheim Nord 3"]
[Site "?"]
[Date "2023.04.16"]
[Round "7.6"]
[White "Georg, Felix"]
[Black "Bus, Tom"]
[Result "1/2-1/2"]
[WhiteElo "2038"]
[BlackElo "2116"]
[PlyCount "40"]
[SourceVersionDate "2023.06.22"]

1. b4 e5 2. Bb2 Bxb4 3. Bxe5 Nf6 4. Nf3 O-O 5. e3 Re8 6. c4 c5 7. Be2 Nc6 8.
Bb2 d5 9. a3 Ba5 10. cxd5 Nxd5 11. Qc2 Bg4 12. Nc3 Nf4 13. O-O-O Nxe2+ 14. Nxe2
Nd4 15. Nexd4 cxd4 16. Kb1 Qd5 17. Bxd4 Bf5 18. d3 Qb5+ 19. Ka1 Rac8 20. Qb2
Qa4 1/2-1/2

[Event "Kamen- Mülheim Nord 3"]
[Site "?"]
[Date "2023.04.16"]
[Round "7.7"]
[White "Schmidt, Kevin"]
[Black "Kilian, Ralf"]
[Result "1-0"]
[WhiteElo "1981"]
[BlackElo "2085"]
[Annotator "daniel"]
[PlyCount "99"]
[SourceVersionDate "2023.06.22"]

1. e4 e6 2. d3 d5 3. Qe2 Nf6 4. e5 Nfd7 5. Nf3 c5 6. g3 Nc6 7. Bg2 g6 8. O-O
Bg7 9. Bf4 O-O 10. h4 f6 11. exf6 Nxf6 12. Nc3 Nh5 13. Bg5 Qb6 14. Rab1 Nd4 15.
Nxd4 cxd4 16. Nd1 Qd6 17. c3 Bd7 18. cxd4 Bxd4 19. Be3 Qe5 20. Bf3 Bxe3 21.
Nxe3 d4 22. Nc4 Qxe2 23. Bxe2 Ng7 24. Ne5 Bb5 25. Rbc1 Rac8 26. Nf3 Rxc1 27.
Rxc1 Bxd3 28. Nxd4 Be4 $11 29. Bc4 Re8 30. f3 Bd5 31. Bxd5 exd5 32. Rc7 Re1+
33. Kf2 Ra1 34. Rxb7 Rxa2 35. Ke3 Ra6 36. g4 Ne6 37. Nxe6 Rxe6+ 38. Kd4 Rf6 39.
Rb3 Rd6 40. Ke5 Rd7 41. Ke6 Rd8 42. Rd3 d4 43. b3 a5 44. Ke5 Rb8 45. Kxd4 a4
46. bxa4 Rb4+ 47. Ke5 Rxa4 48. Kf6 Rf4+ 49. Kg5 Rf7 50. Kh6 1-0

[Event "Lasker Köln- Werden"]
[Site "?"]
[Date "2023.04.16"]
[Round "7.1"]
[White "Kaufeld, Juergen"]
[Black "Wiekert, Martin"]
[Result "1-0"]
[WhiteElo "2281"]
[BlackElo "2238"]
[PlyCount "65"]
[SourceVersionDate "2023.06.22"]

1. e4 Nc6 2. Nf3 d6 3. d4 Nf6 4. Nc3 g6 5. h3 Bg7 6. Bf4 a6 7. d5 Nb8 8. Qd2 b5
9. Bd3 O-O 10. Bh6 b4 11. Ne2 c6 12. Bxg7 Kxg7 13. O-O Qb6 14. a3 cxd5 15. exd5
Bb7 16. Nf4 Nxd5 17. Rfe1 Nxf4 18. Qxf4 bxa3 19. Rxa3 e5 20. Qg3 Nd7 21. Nh4
Qb4 22. Rd1 Nc5 23. Nf5+ Kh8 24. Nxd6 f6 25. Bxg6 hxg6 26. Qxg6 Be4 27. Nf7+
Rxf7 28. Qxf7 Qb7 29. Qxf6+ Qg7 30. Qh4+ Bh7 31. Rd8+ Rxd8 32. Qxd8+ Qg8 33.
Qe7 1-0

[Event "Lasker Köln- Werden"]
[Site "?"]
[Date "2023.04.16"]
[Round "7.2"]
[White "Paris, Michael"]
[Black "Berger, Konstantin"]
[Result "0-1"]
[WhiteElo "2126"]
[BlackElo "2065"]
[Annotator "daniel"]
[PlyCount "106"]
[SourceVersionDate "2023.06.22"]

1. e4 c5 2. Nf3 d6 3. d4 cxd4 4. Nxd4 Nf6 5. Nc3 a6 6. Bd3 e5 7. Nde2 Be7 8.
O-O b5 9. Ng3 h5 10. Re1 Nc6 11. Nd5 h4 12. Nf1 Nxd5 13. exd5 Nd4 14. c3 Nf5
15. a4 Rb8 16. axb5 axb5 17. b4 Bd7 18. Qc2 g6 19. f4 Qb6+ 20. Qf2 Qxf2+ 21.
Kxf2 f6 22. Ne3 Rc8 23. Ra3 Kf7 24. Nxf5 gxf5 25. Be3 Rc7 26. Rea1 Rhc8 27. Rc1
Bf8 28. Be2 Bh6 29. Kf3 Kg6 30. g3 hxg3 $11 31. hxg3 Be8 32. Bd2 Bf7 33. Bxb5
Bxd5+ 34. Kf2 Rh8 35. Be2 Bf8 36. c4 Rh2+ 37. Ke3 exf4+ 38. gxf4 Re7+ 39. Kd4
Bb7 40. Rg1+ Kf7 41. Bd3 Rxd2 42. Kc3 Rf2 43. c5 dxc5 44. bxc5 Rc7 45. Bc4+ Ke8
46. Re1+ Be7 47. Ra7 Rf3+ 48. Kb2 Rxf4 49. Ba6 Rb4+ 50. Ka3 Rb3+ 51. Kxb3 Bd5+
52. Kb4 Rxa7 53. Ka5 Bc4 0-1

[Event "Lasker Köln- Werden"]
[Site "?"]
[Date "2023.04.16"]
[Round "7.3"]
[White "Roth, Markus"]
[Black "Nagel, Bernhard"]
[Result "1/2-1/2"]
[WhiteElo "2195"]
[BlackElo "2182"]
[PlyCount "41"]
[SourceVersionDate "2023.06.22"]

1. Nf3 d5 2. c4 e6 3. g3 dxc4 4. Bg2 Nf6 5. O-O Bd7 6. Ne5 Qc8 7. Na3 Bxa3 8.
bxa3 c5 9. Nxc4 Qc7 10. d4 cxd4 11. Qxd4 Nc6 12. Bxc6 Bxc6 13. Bf4 Qd7 14. Nd6+
Kf8 15. Rac1 Ne8 16. Rfd1 Nxd6 17. Bxd6+ Kg8 18. Qg4 f6 19. f3 Qf7 20. Bc5 h5
21. Qh4 1/2-1/2

[Event "Lasker Köln- Werden"]
[Site "?"]
[Date "2023.04.16"]
[Round "7.4"]
[White "Pfeffer, Ruprecht"]
[Black "Ter Steeg, Marcus"]
[Result "1/2-1/2"]
[WhiteElo "2252"]
[BlackElo "2023"]
[Annotator "daniel"]
[PlyCount "83"]
[SourceVersionDate "2023.06.22"]

1. e4 e5 2. Nf3 Nc6 3. Bb5 Nf6 4. O-O Nxe4 5. d4 Nd6 6. Bxc6 dxc6 7. dxe5 Nf5
8. Qxd8+ Kxd8 9. Nc3 a5 10. h3 Ke8 11. Bf4 h6 12. Rad1 Be6 13. a3 Rd8 14. g4
Rxd1 15. Rxd1 Ne7 16. Nd4 Nd5 17. Bd2 Nb6 18. Nxe6 fxe6 19. Ne2 Nc4 20. Nf4
Nxb2 21. Rb1 Bxa3 22. Bc3 g5 $11 23. Nxe6 Ke7 24. Nd4 Na4 25. Bxa5 b6 26. Ra1
Bb2 27. Rxa4 Bxd4 28. Rxd4 bxa5 29. f4 gxf4 30. Rxf4 Ra8 31. Ra4 Ke6 32. Kf2
Kxe5 33. Ke3 c5 34. Kd3 Kd5 35. Ke3 Ke5 36. Kd3 Kd5 37. Ke3 c4 38. Kf4 Kc5 39.
c3 Kb5 40. Ra3 Rf8+ 41. Kg3 Rf1 42. h4 1/2-1/2

[Event "Lasker Köln- Werden"]
[Site "?"]
[Date "2023.04.16"]
[Round "7.5"]
[White "Huette, Stefan"]
[Black "Pawelzik, Malte"]
[Result "1/2-1/2"]
[WhiteElo "2033"]
[BlackElo "2145"]
[Annotator "daniel"]
[PlyCount "105"]
[SourceVersionDate "2023.06.22"]

1. e4 e6 2. d4 d5 3. exd5 exd5 4. Bd3 Nc6 5. c3 Bd6 6. Ne2 Nge7 7. Bg5 Bg4 8.
f3 Bh5 9. Nd2 Bg6 10. Qc2 Qd7 11. O-O-O O-O-O 12. g4 Bxd3 13. Qxd3 Rde8 14.
Rde1 Nd8 15. Ng3 f6 16. Be3 g6 17. Nb3 b6 18. Re2 Kb7 19. Rhe1 $11 h5 20. gxh5
gxh5 21. Bf2 Reg8 22. c4 h4 23. Nf1 dxc4 24. Qxc4 Qc6 25. Nbd2 Nd5 26. Kb1 Nf4
27. Qxc6+ Nxc6 28. d5 Nxd5 29. Nc4 Be5 30. Re4 Nf4 31. Nxe5 fxe5 32. Rd1 Rh7
33. Ne3 Rg5 34. Ng4 Ng6 35. Rc1 Rf5 36. Rc3 a5 37. a3 Nce7 38. Be1 c5 39. b4
axb4 40. axb4 cxb4 41. Rd3 Nc6 42. Rd6 Nge7 43. Bxb4 Rxf3 44. Bd2 Rf5 45. Re6
Nd5 46. Rc4 Nde7 47. Re4 h3 48. Nf6 Rg7 49. Ng4 Nd5 50. Rh6 Nf4 51. Nxe5 Nxe5
52. Rxf4 Rfg5 53. Be3 1/2-1/2

[Event "Lasker Köln- Werden"]
[Site "?"]
[Date "2023.04.16"]
[Round "7.6"]
[White "Loseries, Uwe"]
[Black "Claussen, Uwe"]
[Result "0-1"]
[WhiteElo "2178"]
[BlackElo "2082"]
[Annotator "daniel"]
[PlyCount "36"]
[SourceVersionDate "2023.06.22"]

1. d4 e6 2. c4 Nf6 3. Nf3 b6 4. e3 Bb7 5. Bd3 Bb4+ 6. Nbd2 Ne4 7. O-O f5 8. Qc2
Nxd2 9. Nxd2 O-O 10. a3 Bxd2 11. Bxd2 Qh4 12. f3 Nc6 13. b4 Ne7 14. Rf2 Rf6 15.
Raf1 Raf8 $11 16. Qa4 Rh6 17. g3 Bxf3 18. Qxd7 Qxg3+ 0-1

[Event "Lasker Köln- Werden"]
[Site "?"]
[Date "2023.04.16"]
[Round "7.7"]
[White "Rehfeldt, Jens"]
[Black "Cramer, Volker"]
[Result "1/2-1/2"]
[WhiteElo "2040"]
[BlackElo "2068"]
[PlyCount "103"]
[SourceVersionDate "2023.06.22"]

1. b3 e6 2. Bb2 Nf6 3. e3 b6 4. Nf3 Bb7 5. Be2 Be7 6. O-O O-O 7. c4 a5 8. d4
Ne4 9. Nc3 f5 10. Nd2 Qe8 11. Ndxe4 fxe4 12. d5 Bf6 13. Qc2 exd5 14. cxd5 Na6
15. a3 Qe7 16. Rfd1 Be5 17. g3 Nc5 18. b4 axb4 19. axb4 Nd3 20. Rxa8 Bxa8 21.
Bxd3 exd3 22. Qb3 Qf7 23. f4 Bxc3 24. Qxc3 Bxd5 25. Rxd3 Be4 26. Rd1 d5 27. Ra1
Rd8 28. Qd4 h6 29. Qe5 Re8 30. Qd4 Re7 31. g4 Qg6 32. h3 Qc6 33. Qc3 Qb5 34.
Kf2 Kh7 35. Ra7 Qd7 36. Kg3 Qd6 37. h4 Qd8 38. h5 Qb8 39. Qa3 Qe8 40. Qa1 Qb5
41. Qe1 Qd3 42. Qf2 Qb3 43. g5 g6 44. hxg6+ Kxg6 45. Bd4 Qd1 46. Ra8 Kf7 47.
Rh8 h5 48. g6+ Bxg6 49. Qf3 Qe1+ 50. Kh2 Qh4+ 51. Kg1 Qe1+ 52. Kh2 1/2-1/2

[Event "Lasker Köln- Werden"]
[Site "?"]
[Date "2023.04.16"]
[Round "7.8"]
[White "Wolters, Michael"]
[Black "Mann, Gergely"]
[Result "0-1"]
[WhiteElo "1708"]
[BlackElo "1945"]
[PlyCount "64"]
[SourceVersionDate "2023.06.22"]

1. e4 c5 2. Nf3 d6 3. d4 cxd4 4. Nxd4 Nf6 5. Nc3 a6 6. Be3 e6 7. Bd3 Be7 8. g4
d5 9. e5 Nfd7 10. f4 Nc6 11. Qf3 Bh4+ 12. Kd2 g5 13. Nxc6 bxc6 14. Raf1 Qe7 15.
Kc1 Rb8 16. Rhg1 c5 17. Bd2 Bb7 18. Be2 gxf4 19. Qxf4 h6 20. g5 Bxg5 21. Rxg5
hxg5 22. Qg3 d4 23. Bxg5 Qf8 24. Nd1 Qg7 25. Qf4 Rxh2 26. Qxh2 Qxg5+ 27. Kb1
Qxe5 28. Qh7 Qxe2 29. Qg8+ Ke7 30. Rxf7+ Kd6 31. Qg3+ Ne5 32. Kc1 Bf3 0-1

[Event "Krefeld- Bielefeld"]
[Site "?"]
[Date "2023.04.16"]
[Round "7.1"]
[White "Forchert, Martin"]
[Black "Gutkin, Ilya"]
[Result "1/2-1/2"]
[WhiteElo "2308"]
[BlackElo "2261"]
[PlyCount "43"]
[SourceVersionDate "2023.06.22"]

1. e4 e6 2. d4 d5 3. Nd2 c5 4. Ngf3 cxd4 5. Nxd4 Nc6 6. Bb5 Bd7 7. Nxc6 bxc6 8.
Bd3 Bd6 9. Qe2 Qc7 10. c4 Ne7 11. Nf3 e5 12. cxd5 cxd5 13. exd5 Nxd5 14. O-O
O-O 15. Be4 Bc6 16. Rd1 Nf6 17. Bxc6 Qxc6 18. Bg5 Ne4 19. Rac1 Qb7 20. Rc4 Nxg5
21. Nxg5 Be7 22. h4 1/2-1/2

[Event "Krefeld- Bielefeld"]
[Site "?"]
[Date "2023.04.16"]
[Round "7.2"]
[White "van der Valk, Niklas"]
[Black "Gruen, Gerd- Peter"]
[Result "1-0"]
[WhiteElo "2140"]
[BlackElo "2272"]
[Annotator "daniel"]
[PlyCount "149"]
[SourceVersionDate "2023.06.22"]

1. e4 e5 2. Nf3 Nc6 3. Bb5 Nf6 4. d3 Bc5 5. c3 O-O 6. O-O d6 7. Re1 Ne7 8. d4
Bb6 9. a4 c6 10. Bf1 Ng6 11. Nbd2 h6 12. Qc2 Be6 13. h3 a5 14. b3 Re8 15. Ba3
Bc7 16. dxe5 dxe5 17. Rad1 Qb8 18. c4 b6 19. Nb1 Qb7 20. Rd2 Rad8 21. Red1 Rxd2
22. Rxd2 Rd8 23. Rxd8+ Bxd8 24. c5 bxc5 25. Bc4 Bxc4 26. Qxc4 Be7 27. Nbd2 Nd7
$11 28. Qc3 Qc7 29. Nc4 Bd8 30. g3 f6 31. Ne3 Be7 32. h4 Nh8 33. Nf5 Bd8 34. h5
Nf7 35. N3h4 Qb7 36. Qc4 Nb6 37. Qe6 Qd7 38. Qxd7 Nxd7 39. Ng6 Ng5 40. Nfe7+
Bxe7 41. Nxe7+ Kf7 42. Nxc6 Nxe4 43. Nxa5 Ke6 44. g4 Kd5 45. Nc4 Kd4 46. a5 Nb8
47. f3 Ng5 48. Kf2 Na6 49. Bb2+ Kd3 50. Nxe5+ fxe5 51. Bxe5 Ne6 52. f4 Ke4 53.
Kg3 Nb4 54. Bc3 Nc6 55. a6 Ncd4 56. a7 Nc7 57. Bb2 Kd3 58. g5 Kc2 59. Ba3 Nxb3
60. f5 Nd2 61. f6 Ne4+ 62. Kg2 Nxf6 63. gxf6 gxf6 64. Bxc5 Kd3 65. Kf3 Kc4 66.
Bb6 Na8 67. Bd8 Kd5 68. Bxf6 Kc6 69. Kf4 Kb7 70. Bd8 Kxa7 71. Kf5 Kb7 72. Kg6
Kc8 73. Ba5 Kd7 74. Kxh6 Ke7 75. Kg7 1-0

[Event "Krefeld- Bielefeld"]
[Site "?"]
[Date "2023.04.16"]
[Round "7.3"]
[White "Simon, Hans- Christian"]
[Black "Panjer, Sidney"]
[Result "1/2-1/2"]
[WhiteElo "2169"]
[BlackElo "2018"]
[PlyCount "39"]
[SourceVersionDate "2023.06.22"]

1. Nf3 d5 2. g3 Nd7 3. d4 Nb6 4. Nbd2 c6 5. e4 dxe4 6. Nxe4 Bf5 7. Qe2 e6 8.
Bg2 Be7 9. O-O Nf6 10. Nxf6+ Bxf6 11. Rd1 O-O 12. c4 Qe7 13. h3 h6 14. Bf4 Rfd8
15. Be5 Bxe5 16. Nxe5 Nd7 17. Nf3 Nf6 18. Ne5 Nd7 19. Nf3 Nf6 20. Ne5 1/2-1/2

[Event "Krefeld- Bielefeld"]
[Site "?"]
[Date "2023.04.16"]
[Round "7.5"]
[White "Beilfuß, Wilfried"]
[Black "Fehmer, Carsten"]
[Result "1/2-1/2"]
[WhiteElo "2112"]
[BlackElo "2135"]
[PlyCount "31"]
[SourceVersionDate "2023.06.22"]

1. d4 e6 2. Nf3 f5 3. g3 Nf6 4. Bg2 g6 5. b3 Bg7 6. Bb2 O-O 7. O-O d6 8. c4 Ne4
9. Nbd2 Nc6 10. e3 Qe7 11. Nxe4 fxe4 12. Nd2 d5 13. f3 exf3 14. Bxf3 Kh8 15.
Qe2 Bd7 16. cxd5 1/2-1/2

[Event "Krefeld- Bielefeld"]
[Site "?"]
[Date "2023.04.16"]
[Round "7.6"]
[White "Markgraf, Jonas"]
[Black "Danielmeier, Ralf"]
[Result "1/2-1/2"]
[WhiteElo "2045"]
[BlackElo "2064"]
[PlyCount "57"]
[SourceVersionDate "2023.06.22"]

1. e4 d5 2. exd5 Qxd5 3. Nc3 Qa5 4. d4 Nf6 5. Nf3 Bf5 6. Bc4 e6 7. Bd2 Bb4 8.
O-O Nc6 9. a3 Bxc3 10. Bxc3 Qb6 11. a4 a5 12. Qe2 O-O 13. Rfd1 Rfd8 14. h3 Nb4
15. Bxb4 Qxb4 16. c3 Qd6 17. Ne5 c5 18. Bb5 cxd4 19. Rxd4 Qc7 20. Nf3 Rxd4 21.
Nxd4 Be4 22. Bd3 Bd5 23. Re1 Rd8 24. Bb5 b6 25. Nc2 Bb7 26. Rd1 Rxd1+ 27. Qxd1
Nd5 28. Ne1 h6 29. Qd4 1/2-1/2